Transformácia NATO - ekonomické aspekty vstupu krajín V4 do tejto organizácie
Podstata terajšej transformácie NATO. Hodnotenie troch nových členov V-4 - Českej republiky, Maďarska a Poľska - po troch rokoch členstva v NATO. Ekonomické aspekty vstupu krajín V-4 - Českej republiky, Maďarska a Poľska do NATO. Záverečné hodnotenie prípravy vstupu Slovenskej republiky do Severoatl...
Salvato in:
| Autore principale: | |
|---|---|
| Natura: | Capitolo di libro |
| Lingua: | slovacco |
| Soggetti: | |
| Tags: |
Nessun Tag, puoi essere il primo ad aggiungerne!!
|
MARC
| LEADER | 00000naa$a2200000$$$4500 | ||
|---|---|---|---|
| 001 | 0034943 | ||
| 005 | 20240502071446.3 | ||
| 041 | 0 | |a slo | |
| 044 | |a SK | ||
| 245 | 1 | 0 | |a Transformácia NATO - ekonomické aspekty vstupu krajín V4 do tejto organizácie |c Víťazoslav Balhar |
| 520 | |a Podstata terajšej transformácie NATO. Hodnotenie troch nových členov V-4 - Českej republiky, Maďarska a Poľska - po troch rokoch členstva v NATO. Ekonomické aspekty vstupu krajín V-4 - Českej republiky, Maďarska a Poľska do NATO. Záverečné hodnotenie prípravy vstupu Slovenskej republiky do Severoatlantickej aliancie (NATO). | ||
| 610 | 2 | 0 | |a NATO |
| 610 | 2 | 0 | |a transformácia |
| 610 | 2 | 0 | |a integrácia |
| 610 | 2 | 0 | |a Česko |
| 610 | 2 | 0 | |a Maďarsko |
| 610 | 2 | 0 | |a Poľsko |
| 610 | 2 | 0 | |a koncepcie |
| 610 | 2 | 0 | |a hospodárstvo národné |
| 610 | 2 | 0 | |a Slovensko |
| 610 | 2 | 0 | |a Vyšehradská štvorka |
| 100 | 1 | |a Balhar, Víťazoslav | |